MARC details
| 000 -LEADER |
| fixed length control field |
01614nam a2200277 a 4500 |
| 008 - FIXED-LENGTH DATA ELEMENTS--GENERAL INFORMATION |
| fixed length control field |
101004s2000 ||||||||||||||||| || u |
| 020 ## - INTERNATIONAL STANDARD BOOK NUMBER |
| International Standard Book Number |
8122412270 |
| 050 ## - LIBRARY OF CONGRESS CALL NUMBER |
| Classification number |
TD 760 Goh |
| 100 ## - MAIN ENTRY--PERSONAL NAME |
| Personal name |
Gohil, M. B |
| 245 10 - TITLE STATEMENT |
| Title |
Land treatment of waste water |
| Statement of responsibility, etc. |
By M.B. Gohil |
| 260 ## - PUBLICATION, DISTRIBUTION, ETC. |
| Place of publication, distribution, etc. |
New Delhi |
| Name of publisher, distributor, etc. |
New Age International |
| Date of publication, distribution, etc. |
2000 |
| 260 ## - PUBLICATION, DISTRIBUTION, ETC. |
| Place of publication, distribution, etc. |
New Delhi |
| Name of publisher, distributor, etc. |
New Age International Publishers |
| Date of publication, distribution, etc. |
2000 |
| 260 ## - PUBLICATION, DISTRIBUTION, ETC. |
| Place of publication, distribution, etc. |
New Delhi |
| Name of publisher, distributor, etc. |
New Age |
| Date of publication, distribution, etc. |
2000 |
| 300 ## - PHYSICAL DESCRIPTION |
| Extent |
xiv, 134 pages : illustrations |
| 350 ## - |
| -- |
0.00 |
| 650 ## - SUBJECT ADDED ENTRY--TOPICAL TERM |
| Topical term or geographic name entry element |
SEWERAGE |
| 650 ## - SUBJECT ADDED ENTRY--TOPICAL TERM |
| Topical term or geographic name entry element |
LAND TREATMENT OF WASTEWATER |
| 650 ## - SUBJECT ADDED ENTRY--TOPICAL TERM |
| Topical term or geographic name entry element |
NATURAL RESOURCES |
| 650 #7 - SUBJECT ADDED ENTRY--TOPICAL TERM |
| Topical term or geographic name entry element |
ENVIRONMENTAL HEALTH |
| Source of heading or term |
unbist |
| 995 ## - |
| -- |
MAIN LIBRARY OPEN ACCESS |
| -- |
30.00 |
| -- |
749489 |
| -- |
CBU-MAIN LIBRARY (Kitwe) |
| -- |
0.00 |
| -- |
TD 760 Goh |
| -- |
2 |
| -- |
AVAILABLE |
| -- |
Jul 17, 2019 |
| -- |
749489 |
| -- |
Main Library Open Access Collection |
| 995 ## - |
| -- |
MAIN LIBRARY OPEN ACCESS |
| -- |
30.00 |
| -- |
749487 |
| -- |
CBU-MAIN LIBRARY (Kitwe) |
| -- |
0.00 |
| -- |
TD 760 Goh |
| -- |
4 |
| -- |
AVAILABLE |
| -- |
Jul 17, 2019 |
| -- |
749487 |
| -- |
Main Library Open Access Collection |
| 995 ## - |
| -- |
MAIN LIBRARY OPEN ACCESS |
| -- |
0.00 |
| -- |
741711 |
| -- |
CBU-MAIN LIBRARY (Kitwe) |
| -- |
1 |
| -- |
0.00 |
| -- |
TD 760 Goh |
| -- |
1 |
| -- |
AVAILABLE |
| -- |
Oct 12, 2010 |
| -- |
741711 |
| -- |
Main Library Open Access Collection |
| 995 ## - |
| -- |
MAIN LIBRARY OPEN ACCESS |
| -- |
30.00 |
| -- |
749488 |
| -- |
CBU-MAIN LIBRARY (Kitwe) |
| -- |
0.00 |
| -- |
TD 760 Goh |
| -- |
3 |
| -- |
AVAILABLE |
| -- |
Jul 17, 2019 |
| -- |
749488 |
| -- |
Main Library Open Access Collection |
| 995 ## - |
| -- |
SHORT LOAN BOOKS |
| -- |
750013 |
| -- |
CBU-MAIN LIBRARY (Kitwe) |
| -- |
14.02 |
| -- |
TD 760 Goh |
| -- |
6 |
| -- |
AVAILABLE |
| -- |
Nov 25, 2019 |
| -- |
750013 |
| -- |
Short Loan Collection |
| 995 ## - |
| -- |
SHORT LOAN BOOKS |
| -- |
750012 |
| -- |
CBU-MAIN LIBRARY (Kitwe) |
| -- |
14.02 |
| -- |
TD 760 Goh |
| -- |
5 |
| -- |
AVAILABLE |
| -- |
Nov 25, 2019 |
| -- |
750012 |
| -- |
Short Loan Collection |
| 999 ## - |
| -- |
80595 |
| -- |
80595 |